000 00432nam a2200193Ia 4500
005 20250603145040.0
008 250603s9999 xx 000 0 und d
020 _a9780321531988
050 _aQA 20 .G34 .P466/
100 _aPenna, Judith A.
245 0 _aGraphing calculator manual
250 _a3rd ed.
260 _aBoston
260 _bPearson
260 _c2009
300 _a11 p
650 _aBoston
942 _cBK
999 _c40720
_d40720